Normal view MARC view
  • DeFilippis, Nunzio

Entry Nombre Personal

Number of records used in: 1

001 - NUMERO DE CONTROL

  • campo de control: 35900

003 - IDENTIFICADOR DE NUMERO DE CONTROL

  • campo de control: UPN

005 - FECHA Y HORA DE LA ÜLTIMA TRANSACCIÓN

  • campo de control: 20210219194509.0

008 - DATOS DE LONGITUD FIJA

  • campo de control de longitud fija: nabaccnnaabn|||||||||| b |nc|||||d

035 ## - NUMERO DE CONTROL

  • Número de control: UPN11000008007

040 ## - FUENTE DE CATALOGACIÓN

  • Lenguaje de catalogación: SPA
  • Agencia de transcripción: UPN

100 1# - ENCABEZAMIENTO - NOMBRE PERSONAL

  • Nombre personal: DeFilippis, Nunzio

670 ## - FUENTE EN LA QUE SE LOCALIZARON DATOS

  • Cita de la fuente: LC/P

680 ## - NOTA PUBLICA DE ACCESO PÚBLICO

  • Frase explicativa de la referencia: Es un escritor estadounidense de cómics y la televisión. Escribe con su esposa, Christina Weir. Los dos han escrito durante dos temporadas en la serie de HBO Arli, y han vendido ideas de la historia de Disney Channel Kim Possible . En los cómics, han escrito varias novelas y miniseries gráficas para editorial independiente Oni Press

902 ## - CATALOGADOR

  • Catalogador: MITM/011014